| 000 | 004080000a22001690004500 | ||
|---|---|---|---|
| 003 | MACL | ||
| 005 | 20160102165301.0 | ||
| 008 | 160102b xxu||||| |||| 00| 0 eng d | ||
| 040 |
_aMACL _cMACL |
||
| 041 | _aEnglish | ||
| 082 | _a820/STE | ||
| 100 |
_aStevenson, E. _927382 |
||
| 245 | _aThe Scott Library | ||
| 260 |
_bWalter Scott _aLondon |
||
| 650 |
_aEng Literature _927281 |
||
| 942 |
_cBK _k820/Gre _2ddc |
||
| 999 |
_c36513 _d36513 |
||